The strategic managing of human resources / (Record no. 13499)
[ view plain ]
| 000 -LEADER | |
|---|---|
| fixed length control field | 01982cam a2200301 a 4500 |
| 001 - CONTROL NUMBER | |
| control field | 15577959 |
| 005 - DATE AND TIME OF LATEST TRANSACTION | |
| control field | 20150314131617.0 |
| 008 - FIXED-LENGTH DATA ELEMENTS--GENERAL INFORMATION | |
| fixed length control field | 090107s2009 enka |rb 001 0 eng |
| 010 ## - LIBRARY OF CONGRESS CONTROL NUMBER | |
| LC control number | 2009000486 |
| 020 ## - INTERNATIONAL STANDARD BOOK NUMBER | |
| International Standard Book Number | 0273713868 (pbk. : alk. paper) |
| 020 ## - INTERNATIONAL STANDARD BOOK NUMBER | |
| International Standard Book Number | 9780273713869 (pbk. : alk. paper) |
| 040 ## - CATALOGING SOURCE | |
| Original cataloging agency | DLC |
| Transcribing agency | DLC |
| Modifying agency | BWKUK |
| -- | BWK |
| -- | YDXCP |
| -- | DLC |
| 082 00 - DEWEY DECIMAL CLASSIFICATION NUMBER | |
| Classification number | 658.301 |
| Edition number | 22 |
| Item number | STR |
| 245 04 - TITLE STATEMENT | |
| Title | The strategic managing of human resources / |
| Statement of responsibility, etc | Edited by John Leopold and Lynette Harris. |
| 250 ## - EDITION STATEMENT | |
| Edition statement | 2nd ed. |
| 260 ## - PUBLICATION, DISTRIBUTION, ETC. (IMPRINT) | |
| Place of publication, distribution, etc | Harlow, England ; |
| Name of publisher, distributor, etc | Prentice Hall / Financial Times, |
| Date of publication, distribution, etc | 2009. |
| 300 ## - PHYSICAL DESCRIPTION | |
| Extent | xxiv, 587 p. : |
| Other physical details | ill. ; |
| Dimensions | 25 cm. |
| 504 ## - BIBLIOGRAPHY, ETC. NOTE | |
| Bibliography, etc | Includes bibliographical references (p. 521-569) and index. |
| 505 0# - FORMATTED CONTENTS NOTE | |
| Formatted contents note | Organisations, strategies and human resourcing -- Managing uncertainty or managing uncertainly? -- Employment law and human resourcing strategies -- Ethics and strategic human resourcing -- From equal opportunities to diversity management -- Assessment, selection and evaluation -- Performance management and performing management -- Reward strategies and paying for contribution -- Parting company : the strategic responsibility of exit management -- Human resourcing in international organisations -- Knowledge organisations, strategies and human resourcing -- Managing processes of human resource development -- Developing managers and managerial capacities -- Strategic choice in patterns of employment relationships -- Employee participation, involvement and communications -- Managing consulting and consultancy relationships. |
| 650 #0 - SUBJECT ADDED ENTRY--TOPICAL TERM | |
| Topical term or geographic name as entry element | Personnel management. |
| 9 (RLIN) | 11869 |
| 650 #0 - SUBJECT ADDED ENTRY--TOPICAL TERM | |
| Topical term or geographic name as entry element | Strategic planning. |
| 9 (RLIN) | 11870 |
| 653 ## - INDEX TERM--UNCONTROLLED | |
| Resource For college | BAEPS, Business Administration |
| Arrived date list | March2015 |
| 655 ## - INDEX TERM--GENRE/FORM | |
| Form subdivision | |
| -- | 34232 |
| 700 1# - ADDED ENTRY--PERSONAL NAME | |
| Personal name | Leopold, John. |
| 9 (RLIN) | 11871 |
| 700 1# - ADDED ENTRY--PERSONAL NAME | |
| Personal name | Harris, Lynette. |
| 9 (RLIN) | 11872 |
| 942 ## - ADDED ENTRY ELEMENTS (KOHA) | |
| Source of classification or shelving scheme | Dewey Decimal Classification |
| Call number prefix | 658.301 STR |
| Withdrawn status | Item status | Source of classification or shelving scheme | Damaged status | Not for loan | Vendor | Home library | Current library | Shelving location | Date acquired | Source of acquisition | Total Checkouts | Full call number | Barcode | Date last seen | Date last borrowed | Koha item type | Total Renewals |
|---|---|---|---|---|---|---|---|---|---|---|---|---|---|---|---|---|---|
| Dewey Decimal Classification | Baccah | Central Library | Central Library | First floor | 24/02/2010 | 1 | 658.301 STR | 000019948 | 15/07/2025 | 17/08/2010 | NB - Book (Non borrowing) | ||||||
| Dewey Decimal Classification | Baccah | Central Library | Central Library | First floor | 24/02/2010 | 13 | 658.301 STR | 000019947 | 15/07/2025 | 16/05/2017 | Book - Borrowing | 14 | |||||
| Dewey Decimal Classification | Baccah | Central Library | Central Library | First floor | 14/03/2015 | 3 | 658.301 STR | 000037513 | 15/07/2025 | 26/03/2017 | Book - Borrowing | 1 |